[Event "Hampstead U2200 Feb2014"]
[Site "Hampstead, UK"]
[Date "2014.02.15"]
[Round "1"]
[White "Jaunooby, Ali R"]
[Black "Cork, David J"]
[Result "1-0"]
[WhiteElo "2149"]
[BlackElo "1763"]
[EventType "swiss"]
[EventRounds "5"]

1. d4 Nf6 2. c4 g6 3. Nc3 Bg7 4. e4 d6 5. f3 O-O 6. Be3 e5 7. d5 Nbd7 8. Qd2
Re8 9. Bd3 Nc5 10. Bc2 Nh5 11. Nge2 Qh4+ 12. g3 Qh3 13. O-O-O f5 14. Ng1 {#r}
1-0

[Event "Hampstead U2200 Feb2014"]
[Site "Hampstead, UK"]
[Date "2014.02.15"]
[Round "1"]
[White "Brozel, Sacha"]
[Black "Harari, Zaki"]
[Result "0-1"]
[WhiteElo "1726"]
[BlackElo "2084"]
[EventType "swiss"]
[EventRounds "5"]

1. d4 d5 2. c4 dxc4 3. e3 e6 4. Bxc4 c5 5. Nf3 Nf6 6. O-O cxd4 7. Nxd4 Be7 8.
Nc3 a6 9. a4 O-O 10. e4 Qc7 11. Qe2 Nbd7 12. Bxe6 fxe6 13. Nxe6 Qe5 14. Nxf8
Nxf8 15. f4 Qa5 16. Be3 Be6 17. f5 Bb3 18. Bf2 N8d7 19. Nd5 Bd6 20. Nxf6+ Nxf6
21. Bd4 Be5 22. Qd3 Bf7 23. Qc3 Qxc3 24. bxc3 Bxd4+ 25. cxd4 Nxe4 26. Rfe1 Bd5
27. Ra3 Kf7 28. Rae3 Re8 29. Rc1 Re7 30. Rc8 Rd7 31. a5 Nd6 32. Rh8 Nxf5 33.
Ree8 Ne7 34. Ref8+ Kg6 35. Kf2 Rc7 36. g4 h6 37. h4 Rc3 38. g5 h5 39. Re8 Nf5
40. Rd8 Rc2+ 41. Ke1 Bb3 42. Rhf8 Nxh4 43. d5 Ng2+ 44. Kf1 Ne3+ 45. Kg1 Bxd5
46. Rfe8 Rg2+ 47. Kh1 Rxg5+ 48. Kh2 Nf1+ 49. Kh3 Bg2+ 50. Kh4 Rg4# 0-1

[Event "Hampstead U2200 Feb2014"]
[Site "Hampstead, UK"]
[Date "2014.02.15"]
[Round "1"]
[White "Villiers, Thomas"]
[Black "Sutton, Daniel"]
[Result "1-0"]
[WhiteElo "2084"]
[BlackElo "1724"]
[EventType "swiss"]
[EventRounds "5"]

1. c4 e5 2. g3 Nc6 3. Bg2 f5 4. Nc3 Nf6 5. d3 Bc5 6. Nf3 d6 7. O-O a6 8. Bg5
h6 9. Bxf6 Qxf6 10. Nd5 Qf7 11. b4 Ba7 12. a4 Nd4 13. b5 c6 14. bxc6 Nxc6 15.
Rb1 O-O 16. Nb6 Bxb6 17. Rxb6 f4 18. Nd2 Qc7 19. Qb1 Nd4 20. Re1 fxg3 21. hxg3
Rf7 22. e3 Nc2 23. Rc1 Na3 24. Qb2 Nb5 25. a5 Na7 26. Bd5 Nc6 27. Ne4 Qe7 28.
Bxf7+ Kxf7 29. c5 d5 30. Nd6+ Kg8 31. Nxc8 Rxc8 32. Rxb7 Qf6 33. Qa2 Qf3 34.
Rd7 Nb4 35. Qb3 Qf5 36. c6 Rxc6 37. Rd8+ Kh7 38. Rxc6 Nxc6 39. Rxd5 Qe6 40.
Rb5 Qg4 41. Rc5 Qf3 42. Qd5 Qd1+ 43. Kg2 Ne7 44. Qe4+ Kh8 45. Rxe5 Ng8 46. Re8
Qb1 47. Qd5 {#r} 1-0

[Event "Hampstead U2200 Feb2014"]
[Site "Hampstead, UK"]
[Date "2014.02.15"]
[Round "1"]
[White "Pattni, Kishan"]
[Black "Salem, Ihab"]
[Result "0-1"]
[WhiteElo "1715"]
[BlackElo "2073"]
[EventType "swiss"]
[EventRounds "5"]

1. d4 Nf6 2. c4 g6 3. Nc3 Bg7 4. e4 d6 5. Bd3 O-O 6. f4 e5 7. d5 exf4 8. Bxf4
Bg4 9. Nge2 Nh5 10. Be3 Be5 11. Qd2 Na6 12. O-O-O Nc5 13. Rdf1 a6 14. Nd4 Qe8
15. Nd1 b5 16. Nf2 Bd7 17. g4 Ng7 18. g5 f5 19. exf5 Nxd3+ 20. Qxd3 Nxf5 21.
Ng4 bxc4 22. Qd2 Nxe3 23. Rxf8+ Qxf8 24. Nxe3 Qf4 25. Ne2 Qxg5 26. Nxc4 Qxd2+
27. Kxd2 Bg7 28. Na5 Bh6+ 29. Kc3 Rf8 30. Nb3 Rf2 31. Ned4 Bf4 32. h4 Be5 33.
Re1 Rh2 34. Rf1 Rxh4 35. Rf2 a5 {#R} 0-1

[Event "Hampstead U2200 Feb2014"]
[Site "Hampstead, UK"]
[Date "2014.02.15"]
[Round "1"]
[White "Niccoli, Tony"]
[Black "Pepe, Salvatore"]
[Result "1-0"]
[WhiteElo "2066"]
[BlackElo "1703"]
[EventType "swiss"]
[EventRounds "5"]

1. e4 g6 2. d4 Bg7 3. Nc3 d6 4. f4 c5 5. Bb5+ Bd7 6. Bxd7+ Nxd7 7. d5 b5 8.
Nf3 b4 9. Ne2 Nb6 10. O-O Nf6 11. Ng3 h5 12. Re1 h4 13. Nf1 h3 14. g3 Ng4 15.
Rb1 a5 16. Ne3 Nxe3 17. Bxe3 a4 18. Qe2 Kf8 19. Nd2 a3 20. b3 Bc3 21. Rf1 f5
22. Qd3 Qd7 23. Rbd1 Kg7 24. Nf3 Bf6 25. e5 Rae8 26. Rfe1 Kg8 27. exf6 exf6
28. c3 Re4 29. cxb4 Rxb4 30. Bd2 c4 31. Qd4 Rb5 32. bxc4 Rb2 33. Qxf6 Nxc4 34.
Qxg6+ Kf8 35. Qf6+ Kg8 36. Re7 {#r} 1-0

[Event "Hampstead U2200 Feb2014"]
[Site "Hampstead, UK"]
[Date "2014.02.15"]
[Round "1"]
[White "Baroukh, Leon"]
[Black "Bonafont, Philip R"]
[Result "0-1"]
[WhiteElo "1702"]
[BlackElo "2047"]
[EventType "swiss"]
[EventRounds "5"]

1. d4 d5 2. c4 dxc4 3. e4 e5 4. Nf3 exd4 5. Qxd4 Qxd4 6. Nxd4 Nf6 7. Bxc4 Nxe4
8. O-O Be7 9. Re1 Nd6 10. Bb3 c5 11. Bf4 cxd4 12. Bxd6 Nc6 13. Na3 Be6 14.
Bxe7 Kxe7 15. Nb5 Rac8 16. Rad1 Rhd8 17. f4 Kf6 18. h3 Bxb3 19. axb3 a6 20.
Na3 b5 21. Nc2 Re8 22. Rxe8 Rxe8 23. Kf2 h5 24. Nxd4 Rd8 25. Ke3 h4 26. Rd2
Nxd4 27. Rxd4 Rxd4 28. Kxd4 Kf5 29. Ke3 a5 30. Kf3 f6 31. Ke3 b4 32. Kf3 g5
33. fxg5 fxg5 34. Ke3 g4 35. Kf2 gxh3 36. gxh3 Kf4 37. Kg2 Ke3 38. Kh2 Kd3 39.
Kg2 Kc2 40. Kf3 Kxb3 41. Kg4 Kxb2 42. Kxh4 Kc2 43. Kg5 b3 44. h4 b2 45. h5
b1=Q 46. h6 Kb2 47. Kf6 Qh7 {#R} 0-1

[Event "Hampstead U2200 Feb2014"]
[Site "Hampstead, UK"]
[Date "2014.02.15"]
[Round "1"]
[White "Prior, Stephen CV"]
[Black "Sonnis, Steve"]
[Result "1-0"]
[WhiteElo "2022"]
[BlackElo "1702"]
[EventType "swiss"]
[EventRounds "5"]

1. e4 e5 2. Nf3 d6 3. d4 Nf6 4. Nc3 Nbd7 5. Bg5 Be7 6. Qd2 c6 7. Bd3 O-O 8. h3
b5 9. Ne2 a5 10. O-O Qb6 11. Ng3 Re8 12. Nf5 Bf8 13. Rfe1 c5 14. c3 exd4 15.
cxd4 c4 16. Bc2 Bb7 17. Qf4 Nh5 18. Qh4 g6 19. Nh6+ Bxh6 20. Bxh6 Qd8 21. Bg5
Qc7 22. g4 Ng7 23. Bd2 Qd8 24. Qh6 Nf8 25. Re3 f6 26. Rae1 Ra6 27. d5 Bc8 28.
Nh4 Ra7 29. Rf3 Nd7 30. Be3 Rb7 31. Bd4 Ne5 32. Rg3 Nf7 33. Qd2 g5 34. Ng2 h5
35. f4 hxg4 36. hxg4 Nh6 37. fxg5 fxg5 38. Ne3 Rf7 39. Qh2 Rf6 40. Bxf6 Qxf6
41. Rf1 Qe5 42. Rff3 Nf7 43. Qf2 Rf8 44. Bb1 Bd7 45. Rf6 b4 46. Nxc4 Qe7 47.
Ne3 Ne5 48. Rxf8+ Qxf8 49. Qxf8+ Kxf8 50. Nf5 Ne8 51. a3 Nc4 52. axb4 axb4 53.
b3 Nd2 54. Bc2 Bb5 55. Nd4 Ba6 56. Rg2 Nf6 57. Rxd2 Nxg4 58. Ne6+ Ke7 59. Nxg5
Kf6 60. Nf3 Ne3 61. Kf2 Ng4+ 62. Kg3 Ne3 63. Nh2 Nxc2 64. Rxc2 Bd3 65. Rd2
Bxe4 66. Kf4 Bg6 67. Ng4+ Kf7 68. Ne3 {#r} 1-0

[Event "Hampstead U2200 Feb2014"]
[Site "Hampstead, UK"]
[Date "2014.02.15"]
[Round "1"]
[White "Wen, Jackson"]
[Black "Gibbs, Dominic V"]
[Result "1-0"]
[WhiteElo "1701"]
[BlackElo "1967"]
[EventType "swiss"]
[EventRounds "5"]

1. e4 e6 2. d4 d5 3. Nc3 Bb4 4. e5 c5 5. a3 Bxc3+ 6. bxc3 Qa5 7. Bd2 Qa4 8.
Nf3 c4 9. Be2 Nc6 10. O-O Bd7 11. Ne1 O-O-O 12. f4 Nge7 13. Nf3 h6 14. Be1
Rdg8 15. Qd2 Nd8 16. Bf2 Qa5 17. Rfb1 Ba4 18. Bh4 Nf5 19. Bxd8 Qxd8 20. Rb4
Bc6 21. a4 g5 22. fxg5 hxg5 23. g4 Nh4 24. Nxh4 Rxh4 25. Rf1 Qe7 26. a5 a6 27.
Qc1 Rgh8 28. Rf2 R8h7 29. Qd1 Qc7 30. Rb6 f6 31. Qf1 Kb8 32. Qb1 Ka7 33. Bd1
fxe5 34. dxe5 Bb5 35. Rxe6 Qc5 36. Qb4 Qe3 37. Qd6 Bc6 38. Qb4 Rh3 39. Be2
R3h6 40. Ref6 Rxf6 41. exf6 Rf7 42. Bf1 Ka8 43. Qd6 Qe8 44. Re2 Qh8 45. Re6
Bd7 46. Re7 Qxf6 47. Qxf6 Rxf6 48. Rxd7 Rf3 49. Rxd5 Rxc3 50. Rc5 Rxc2 51.
Rxc4 Rxc4 52. Bxc4 b5 53. axb6 Kb7 54. h4 {#r} 1-0

[Event "Hampstead U2200 Feb2014"]
[Site "Hampstead, UK"]
[Date "2014.02.15"]
[Round "1"]
[White "Jain, Gautam"]
[Black "Kamath, Raghu"]
[Result "1/2-1/2"]
[WhiteElo "1690"]
[BlackElo "1962"]
[EventType "swiss"]
[EventRounds "5"]

1. e4 e5 2. Nf3 Nc6 3. Bc4 Be7 4. d4 d6 5. h3 Nf6 6. Nc3 O-O 7. d5 Nb8 8. Bg5
Nbd7 9. Qd2 Nc5 10. Bxf6 Bxf6 11. g4 a6 12. g5 Be7 13. b4 Nd7 14. Bd3 Nb6 15.
Rg1 Bxh3 16. Nh4 f6 17. g6 h6 18. Rh1 f5 19. Nxf5 Bxf5 20. exf5 Bg5 21. Qe2
Bf6 22. Be4 Qd7 23. a4 a5 24. b5 Nc8 25. Rh5 Ne7 26. Qf3 Rfd8 27. Kd2 Kf8 28.
Rah1 Ng8 29. Bd3 b6 30. Ne4 Qe7 31. R1h3 Ke8 32. Rh1 Kd7 33. Re1 Kc8 34. Qe3
Kb7 35. c4 Rf8 36. Ke2 Qd7 37. Rc1 Rae8 38. Qf3 Bd8 39. c5 bxc5 40. Rxc5 Ne7
41. Qg4 Nxf5 42. Rxf5 Rxf5 43. Nf6 Bxf6 44. Bxf5 Qe7 {#d} 1/2-1/2

[Event "Hampstead U2200 Feb2014"]
[Site "Hampstead, UK"]
[Date "2014.02.15"]
[Round "1"]
[White "Oliveri, Claudio"]
[Black "Hayward, Alan"]
[Result "0-1"]
[WhiteElo "1661"]
[BlackElo "1952"]
[EventType "swiss"]
[EventRounds "5"]

1. e4 d5 2. exd5 Nf6 3. c4 c6 4. d4 cxd5 5. Nc3 dxc4 6. Bxc4 Nc6 7. Nge2 e6 8.
O-O Bd6 9. Bg5 Bxh2+ 10. Kh1 Bd6 11. d5 exd5 12. Nxd5 Be7 13. Nxe7 Qxe7 14.
Re1 h6 15. Bf4 Be6 16. Bd6 Qd7 17. Bxe6 fxe6 18. Bc5 Qxd1 19. Rexd1 Kf7 20. f3
Rhd8 21. Nc3 a6 22. Bb6 Rxd1+ 23. Rxd1 Rc8 24. a4 Ne7 25. Ne4 Nxe4 26. fxe4
Rc6 27. a5 Nc8 28. Be3 Ke8 29. e5 Ne7 30. b4 Nd5 31. Bc5 Rc7 32. Kg1 Rf7 33.
Rd3 Rf4 34. Rb3 Kd7 35. g3 Re4 36. Bd6 Kc6 37. Rf3 Nxb4 38. Rf7 Rg4 39. Rc7+
Kb5 40. Rxb7+ Kxa5 41. Bxb4+ Rxb4 42. Rxg7 Rb5 43. Rg6 Rxe5 44. Rxh6 Kb4 45.
Kf2 a5 46. Rh1 a4 47. Rb1+ Kc3 48. Ra1 Ra5 49. Ke2 a3 50. Kd1 Kb2 {#R} 0-1

[Event "Hampstead U2200 Feb2014"]
[Site "Hampstead, UK"]
[Date "2014.02.15"]
[Round "1"]
[White "Bryant, Jonathan M"]
[Black "Cadart, Antoine"]
[Result "1-0"]
[WhiteElo "1939"]
[BlackElo "1642"]
[EventType "swiss"]
[EventRounds "5"]

1. Nf3 d5 2. d4 e6 3. c4 Nf6 4. g3 Be7 5. Bg2 O-O 6. O-O Nbd7 7. Qc2 Nb6 8. b3
a5 9. Nbd2 Bd7 10. Ne5 a4 11. Bb2 c6 12. e4 Qc7 13. c5 Nc8 14. bxa4 Qa5 15.
Bc3 Qxa4 16. Qxa4 Rxa4 17. Rfb1 Na7 18. Rxb7 Rd8 19. Rb4 Rxb4 20. Bxb4 Nb5 21.
Nb3 dxe4 22. a4 Nc7 23. Ba5 Rc8 24. Bxc7 Rxc7 25. Nd2 Be8 26. a5 Ra7 27. Nxe4
Nxe4 28. Bxe4 Bf6 29. a6 g6 30. Ra4 Bg7 31. Nxc6 Bxc6 32. Bxc6 Bf6 33. Bb7 Bd8
34. d5 exd5 35. Rd4 Kf8 36. Rxd5 Ke7 37. Kg2 Bc7 38. Kf3 Bd8 39. Ke4 Bc7 40.
f3 Bd8 41. Rd6 Bc7 42. Rc6 Bd8 43. Kd5 f6 44. f4 h5 45. Rc8 {#r} 1-0

[Event "Hampstead U2200 Feb2014"]
[Site "Hampstead, UK"]
[Date "2014.02.15"]
[Round "1"]
[White "Sharkey, Brian"]
[Black "Ai, Farshad"]
[Result "0-1"]
[WhiteElo "1641"]
[BlackElo "1935"]
[EventType "swiss"]
[EventRounds "5"]

1. d4 d5 2. c4 c6 3. Nf3 Nf6 4. Nc3 a6 5. e3 Bg4 6. h3 Bxf3 7. Qxf3 e6 8. a3
b5 9. cxd5 cxd5 10. Bd3 Nc6 11. Qd1 Be7 12. O-O O-O 13. b3 Rc8 14. Bb2 Qb6 15.
b4 Rfd8 16. Qe2 Nb8 17. Rfd1 Nbd7 18. Rac1 Qb8 19. Rc2 Nb6 20. Rdc1 Nc4 21.
Bxc4 Rxc4 22. Na2 Rdc8 23. Rxc4 bxc4 24. Nc3 Qb6 25. Na4 Qb5 26. Nc5 a5 27.
Bc3 axb4 28. Bxb4 Bxc5 29. Bxc5 Ne4 30. Bb4 f5 31. f3 Ng3 32. Qe1 Qb8 33. Rb1
Nh5 34. Bc5 Qc7 35. Rb6 Re8 36. a4 Nf6 37. Qb4 Nd7 38. Bd6 Qxb6 39. a5 Qxb4
40. Bxb4 Rb8 {#R} 0-1

[Event "Hampstead U2200 Feb2014"]
[Site "Hampstead, UK"]
[Date "2014.02.15"]
[Round "1"]
[White "Bedi, Adam"]
[Black "Sheremetyeva, Elizaveta"]
[Result "1-0"]
[WhiteElo "1933"]
[BlackElo "1634"]
[EventType "swiss"]
[EventRounds "5"]

1. d4 f5 2. g3 g6 3. c4 Nf6 4. Bg2 Bg7 5. Nf3 c6 6. O-O d6 7. Nc3 O-O 8. Qc2
d5 9. Bf4 Nbd7 10. cxd5 cxd5 11. Nb5 Nh5 12. Nc7 Nxf4 13. gxf4 Nb8 14. Nxa8
Nc6 15. Qb3 e6 16. e3 Qd6 17. Nb6 axb6 18. Qxb6 h6 19. Rac1 Bf6 20. Ne5 Bxe5
21. dxe5 Qe7 22. a3 g5 23. b4 gxf4 24. exf4 Kh8 25. b5 Rg8 26. Rc3 Nd8 27. Rg3
Nf7 28. Rc1 Rf8 29. Rc7 Qh4 30. Qe3 Qh5 31. Qc5 Rd8 32. Rxc8 Qh4 33. Rxd8+
Qxd8 34. b6 h5 35. Qc7 Qe8 36. Qxb7 h4 37. Rh3 Kg7 38. Qc7 d4 39. b7 Qa4 40.
Rd3 Qb5 41. Bf1 h3 42. Rg3+ Kh6 43. Bxb5 d3 44. Qxf7 d2 45. Qg6# 1-0

[Event "Hampstead U2200 Feb2014"]
[Site "Hampstead, UK"]
[Date "2014.02.15"]
[Round "1"]
[White "Somton, Anita"]
[Black "Mondal, Prince"]
[Result "0-1"]
[WhiteElo "1634"]
[BlackElo "1923"]
[EventType "swiss"]
[EventRounds "5"]

1. d4 Nf6 2. c4 c5 3. d5 e6 4. Nc3 exd5 5. cxd5 d6 6. e4 g6 7. Bf4 a6 8. Be2
Bg7 9. Nf3 O-O 10. a4 Re8 11. Qc2 Bg4 12. h3 Bxf3 13. Bxf3 Qe7 14. O-O Nbd7
15. Rfe1 Rab8 16. a5 Ne5 17. Be2 Nfd7 18. Qd2 Qf8 19. Rad1 h6 20. Be3 g5 21.
f4 gxf4 22. Bxf4 Ng6 23. Be3 Nde5 24. Rf1 Kh7 25. Rf5 b5 26. axb6 Rxb6 27. Ra1
Reb8 28. Ra2 Nd7 29. Bxa6 Qe7 30. Bd3 Nf6 31. Rf2 Rb4 32. Kh1 c4 33. Bb1 R8b7
34. Qc1 Nh5 35. Kg1 Ng3 $138 {(0-1, Time.)} {#R} 0-1

[Event "Hampstead U2200 Feb2014"]
[Site "Hampstead, UK"]
[Date "2014.02.15"]
[Round "1"]
[White "Millward, David J"]
[Black "Wen, Jessica"]
[Result "1-0"]
[WhiteElo "1922"]
[BlackElo "1624"]
[EventType "swiss"]
[EventRounds "5"]

1. e4 e5 2. Nf3 Nc6 3. Bb5 Nf6 4. O-O Bc5 5. d3 d6 6. Bg5 O-O 7. h3 a6 8. Ba4
b5 9. Bb3 Na5 10. Nc3 Nxb3 11. axb3 c6 12. Ne2 h6 13. Bh4 Re8 14. Qd2 d5 15.
Ng3 Qd6 16. Rae1 Bd7 17. Re2 a5 18. exd5 Nxd5 19. Ne4 Qf8 20. Nxc5 Qxc5 21.
Rxe5 Rxe5 22. Nxe5 Be6 23. d4 Qd6 24. Bg3 Qc7 25. Re1 Qb6 26. f3 b4 27. Nc4
Qa7 28. Bf2 a4 29. bxa4 Qxa4 30. b3 Qa6 31. g4 Nc3 32. Ne5 Qc8 33. Nd3 Qb8 34.
Nf4 Bd7 35. Kg2 Qd6 36. Bg3 Qf6 37. Nh5 Qg6 38. Nf4 Qf6 39. Bf2 Ra2 40. Nd3
Qd6 41. Nc5 Ra8 42. Bg3 Qf8 43. Nxd7 Qc8 44. Nb6 Qd8 45. Nxa8 Qxa8 46. Qe3 Qa2
47. Qd3 Qa8 48. Qc4 Qa2 49. Re8+ Kh7 50. Qd3+ g6 51. Be5 {#r} 1-0

[Event "Hampstead U2200 Feb2014"]
[Site "Hampstead, UK"]
[Date "2014.02.15"]
[Round "1"]
[White "Mondal, Simona"]
[Black "Sagues, Vincent"]
[Result "0-1"]
[WhiteElo "1416"]
[BlackElo "1908"]
[EventType "swiss"]
[EventRounds "5"]

1. e4 e6 2. d4 d5 3. exd5 exd5 4. Nf3 Bd6 5. Nc3 Ne7 6. Bd3 Nbc6 7. Qe2 Bg4 8.
Be3 Nb4 9. Rd1 Nxd3+ 10. Rxd3 c6 11. h3 Bh5 12. O-O O-O 13. Bg5 f6 14. Bd2 Re8
15. Qe6+ Bf7 16. Qe2 Bg6 17. Qe6+ Kh8 18. Re3 Nf5 19. Rfe1 Nxe3 20. Rxe3 Rxe6
21. Rxe6 Bxc2 22. Nh2 Qd7 23. Re2 Re8 24. Be3 Bd3 25. Rd2 Bg6 26. Nf3 Be4 27.
Nxe4 dxe4 28. Nh2 f5 29. g3 Qc7 30. Kg2 f4 31. gxf4 Bxf4 32. Ng4 h5 33. Bxf4
Qxf4 34. Ne3 Qf3+ 35. Kh2 Re6 36. b4 Rg6 37. a4 Qf4+ 38. Kh1 Qg5 39. Rd1 Qh4
40. Kh2 Qxf2+ {#R} 0-1

[Event "Hampstead U2200 Feb2014"]
[Site "Hampstead, UK"]
[Date "2014.02.15"]
[Round "1"]
[White "Liang, Jake Z"]
[Black "Ritchie, Paul"]
[Result "1-0"]
[WhiteElo "1898"]
[BlackElo "1578"]
[EventType "swiss"]
[EventRounds "5"]

1. d4 d5 2. c4 e6 3. Nf3 Nf6 4. g3 Be7 5. Bg2 O-O 6. O-O Nbd7 7. Qc2 b6 8. Bf4
Bb7 9. Ne5 Re8 10. cxd5 exd5 11. Nc6 Bxc6 12. Qxc6 Bd6 13. Bxd6 cxd6 14. Nc3
Rc8 15. Qxd6 Re6 16. Qa3 a5 17. e3 Ne4 18. Nxd5 Nd2 19. Rfc1 Nc4 20. Qb3 Nd6
21. Rxc8 Nxc8 22. Rc1 Ne7 23. Bh3 Rd6 24. Nxe7+ Qxe7 25. Qa3 Qf6 26. Bxd7 Rxd7
27. Qa4 Rd8 28. Qc6 Qxc6 29. Rxc6 b5 30. Rc5 Rb8 31. Kf1 Kf8 32. Rc7 g6 33.
Ke2 h5 34. Kd3 Rb6 35. e4 Kg7 36. d5 Kf6 37. Kd4 Ra6 38. Rc6+ Rxc6 39. dxc6
Ke6 40. Kc5 b4 41. Kb6 {#r} 1-0

[Event "Hampstead U2200 Feb2014"]
[Site "Hampstead, UK"]
[Date "2014.02.15"]
[Round "1"]
[White "Xu, David"]
[Black "Landau, Jonathan"]
[Result "0-1"]
[WhiteElo "1550"]
[BlackElo "1886"]
[EventType "swiss"]
[EventRounds "5"]

1. Nf3 Nc6 2. g3 e5 3. Nc3 d5 4. d3 f5 5. Bg2 d4 6. Nb1 Nf6 7. e3 dxe3 8. fxe3
e4 9. Ng5 Bc5 10. d4 Be7 11. O-O O-O 12. b3 Kh8 13. Bb2 Ng4 14. Qe2 Bxg5 15.
d5 Qxd5 16. Qxg4 Bxe3+ 17. Kh1 fxg4 18. Rxf8+ Qg8 19. Rxg8+ Kxg8 20. Bxe4 Nd4
21. Nc3 Bf5 22. Bxf5 Nxf5 23. Re1 Rd8 24. Nd1 Bd4 25. Bxd4 Rxd4 26. c4 Rd2 27.
Nc3 Nd4 28. Rd1 Rxd1+ 29. Nxd1 Ne2 30. b4 Kf7 31. Kg2 Ke6 32. Kf2 Nc1 33. a3
Nd3+ 34. Ke2 Ne5 35. Ne3 h5 36. c5 Nf3 37. Nf1 Kd5 38. Kd3 Ne5+ 39. Kd2 Nc4+
40. Kd3 Nxa3 41. Ne3+ Ke5 42. Nc4+ Nxc4 43. Kxc4 c6 44. b5 cxb5+ 45. Kxb5 Kd5
46. Kb4 g5 47. Ka5 Kxc5 48. h3 gxh3 49. g4 hxg4 50. Ka4 h2 51. Kb3 h1=Q 52.
Ka3 Kc4 53. Ka4 Qa1# 0-1

[Event "Hampstead U2200 Feb2014"]
[Site "Hampstead, UK"]
[Date "2014.02.15"]
[Round "1"]
[White "Barasi, Paul DI"]
[Black "Gribben, Chris"]
[Result "1-0"]
[WhiteElo "1880"]
[BlackElo "1546"]
[EventType "swiss"]
[EventRounds "5"]

1. d4 d5 2. Bg5 Nf6 3. Bxf6 exf6 4. e3 Bd6 5. c4 dxc4 6. Bxc4 O-O 7. Nc3 a6 8.
a4 Be6 9. Bd3 c6 10. Nf3 Bg4 11. h3 Bh5 12. Qb3 Qc7 13. Nh4 Kh8 14. Nf5 Be7
15. O-O Bg6 16. Qc2 Bxf5 17. Bxf5 g6 18. Bd3 Nd7 19. Rfd1 Rac8 20. Rac1 Bd6
21. Qe2 Kg7 22. Qf3 Qd8 23. e4 Re8 24. Bc4 Re7 25. Qd3 Nb6 26. Bb3 Nd7 27. Re1
Bb4 28. Re3 Nc5 29. dxc5 Bxc5 30. Rf3 Rd7 31. Qc4 Qf8 32. Ne2 b5 33. Qxc5 Qd8
34. Nf4 Rd2 35. Qc3 c5 36. Nd5 {#r} 1-0

[Event "Hampstead U2200 Feb2014"]
[Site "Hampstead, UK"]
[Date "2014.02.15"]
[Round "1"]
[White "Chauhan, Pranay"]
[Black "Joslin, Tim"]
[Result "1-0"]
[WhiteElo "1463"]
[BlackElo "1855"]
[EventType "swiss"]
[EventRounds "5"]

1. d4 e6 2. e4 d5 3. exd5 exd5 4. Bd3 c5 5. dxc5 Bxc5 6. Nf3 Nc6 7. O-O Nge7
8. a3 O-O 9. b4 Bd6 10. Bb2 Ng6 11. Bxg6 hxg6 12. Kh1 Be6 13. Nc3 Bf4 14. Ne2
Bc7 15. Ned4 Bg4 16. Nxc6 Bxf3 17. Nxd8 Bxd1 18. Nxb7 Bxc2 19. Rfc1 Rfb8 20.
Rxc2 Rxb7 21. Rc5 a5 22. b5 Rd8 23. Rd1 d4 24. Rxd4 Rxd4 25. Bxd4 a4 26. Rd5
Kf8 27. g3 Ba5 28. b6 Bd2 29. Bc5+ {#r} 1-0

[Event "Hampstead U2200 Feb2014"]
[Site "Hampstead, UK"]
[Date "2014.02.15"]
[Round "1"]
[White "Cossins, Neil"]
[Black "Lovell, William Pm"]
[Result "1-0"]
[WhiteElo "1834"]
[BlackElo "1447"]
[EventType "swiss"]
[EventRounds "5"]

1. e4 c5 2. Nf3 d6 3. d4 cxd4 4. Nxd4 Nf6 5. Nc3 g6 6. Be3 Bg7 7. Be2 O-O 8.
h4 Bd7 9. h5 Nc6 10. hxg6 fxg6 11. Qd2 Ne5 12. O-O-O Nfg4 13. Rh4 Nxe3 14.
Qxe3 Rf7 15. Rdh1 Bf8 16. f4 Nc6 17. Bc4 Nxd4 18. Rxh7 Bg7 19. Bxf7+ Kxf7 20.
Qxd4 Qf8 21. Nd5 Rc8 22. Nxe7 Kxe7 23. Qxg7+ Qxg7 24. Rxg7+ Ke6 25. Rhh7 d5
26. Rxg6# 1-0

[Event "Hampstead U2200 Feb2014"]
[Site "Hampstead, UK"]
[Date "2014.02.15"]
[Round "1"]
[White "Tomy, Jeff"]
[Black "O'Gorman, Brendan"]
[Result "0-1"]
[WhiteElo "1434"]
[BlackElo "1833"]
[EventType "swiss"]
[EventRounds "5"]

1. d4 d5 2. Nf3 Nf6 3. g3 Bg4 4. c4 dxc4 5. Qa4+ Nbd7 6. Qxc4 e6 7. Bg2 Be7 8.
O-O O-O 9. Bf4 Nd5 10. Be5 c5 11. Nc3 N7b6 12. Qb3 c4 13. Qc2 f6 14. Nxd5 Nxd5
15. Bf4 Nxf4 16. gxf4 Qc7 17. e3 Bf5 18. Qc3 Be4 19. Rac1 Rac8 20. Nd2 Bxg2
21. Kxg2 b5 22. b3 Qb7+ 23. f3 b4 24. Qc2 c3 25. Nc4 Qd5 26. Rg1 a5 27. Nb6
Qh5 28. Nxc8 Rxc8 29. Qf2 f5 30. Qg3 Qe8 31. Kh1 Bf6 32. Rg2 Qb5 33. e4 Bxd4
34. e5 g6 35. h4 Be3 36. Rcc2 Rd8 37. h5 Rd1+ 38. Kh2 Qf1 39. Kh3 Qh1+ 40. Qh2
Qxh2+ 41. Rxh2 Bxf4 42. hxg6 hxg6 43. Kg2 Bxh2 44. Kxh2 Rd2+ 45. Rxd2 cxd2 46.
Kg2 d1=Q 47. Kf2 Qd2+ 48. Kg3 g5 49. Kh3 Qf2 50. f4 Qf3+ 51. Kh2 g4 52. a4 g3+
53. Kh3 g2+ 54. Kh2 Qf2 55. Kh3 g1=N# 0-1

[Event "Hampstead U2200 Feb2014"]
[Site "Hampstead, UK"]
[Date "2014.02.15"]
[Round "1"]
[White "Macreamoinn, Brian"]
[Black "Sawhney, Anisha"]
[Result "1-0"]
[WhiteElo "1807"]
[BlackElo "1426"]
[EventType "swiss"]
[EventRounds "5"]

1. d4 c5 2. d5 Nf6 3. c4 d6 4. Nc3 e5 5. e4 Be7 6. Be2 O-O 7. a4 b6 8. Ra3
Nbd7 9. g4 Re8 10. h4 h6 11. g5 hxg5 12. Bxg5 Nh7 13. Nb5 Bxg5 14. hxg5 Ba6
15. Nxd6 Qxg5 16. Rg3 Qf4 17. Nh3 Qh6 18. Nf5 Qf6 19. Rxg7+ Kf8 20. Rxh7 Kg8
21. Rg7+ Kf8 22. Ng5 Qxf5 23. exf5 Kxg7 24. Rh7+ Kf6 25. Rxf7+ Kxg5 26. Qd2+
Kh4 27. Rh7# 1-0

[Event "Hampstead U2200 Feb2014"]
[Site "Hampstead, UK"]
[Date "2014.02.15"]
[Round "1"]
[White "Michow, Jordan"]
[Black "Maund, Barry"]
[Result "1/2-1/2"]
[WhiteElo "1330"]
[BlackElo "1794"]
[EventType "swiss"]
[EventRounds "5"]

1. e4 e6 2. Nf3 d5 3. exd5 exd5 4. Qe2+ Be7 5. h3 Nf6 6. d4 O-O 7. Be3 Nc6 8.
c3 Re8 9. Nbd2 Bf5 10. O-O-O a6 11. g4 Bg6 12. Nh4 b5 13. Nxg6 fxg6 14. Nb3 b4
15. Qc2 bxc3 16. Qxc3 Ne4 17. Qxc6 Rb8 18. Qxa6 Ra8 19. Qe6+ Kh8 20. Ba6 Bg5
21. Qc6 Nxf2 22. Bxg5 Qxg5+ 23. Nd2 Nxh1 24. Rxh1 Qe3 25. a3 Qxd4 26. Bb7 Rab8
27. Qxd5 Qb6 28. Qb3 Qxb7 29. Qxb7 Rxb7 30. Kc2 Kg8 31. Rf1 Re6 32. b4 Rf6 33.
Rf3 Rxf3 34. Nxf3 Kf7 35. Nd4 Ke7 36. Kc3 Kd6 37. Kc4 c6 38. a4 Rb6 39. a5 Ra6
40. Nb3 g5 41. Nc5 Ra7 42. Ne4+ Kd7 43. Nxg5 h6 44. Nf7 Ke6 45. Nd8+ Kd7 46.
Nf7 Ke7 {#d} 1/2-1/2

[Event "Hampstead U2200 Feb2014"]
[Site "Hampstead, UK"]
[Date "2014.02.15"]
[Round "1"]
[White "Pride, Stephen C"]
[Black "Zhao, Haolin"]
[Result "1-0"]
[WhiteElo "1792"]
[BlackElo "1316"]
[EventType "swiss"]
[EventRounds "5"]

1. e4 c5 2. b3 Nc6 3. Bb2 d6 4. Nc3 Nf6 5. f4 g6 6. Nd5 Bg7 7. Nxf6+ exf6 8.
Nf3 O-O 9. Be2 Re8 10. d3 f5 11. Bxg7 Kxg7 12. exf5 Bxf5 13. O-O Qe7 14. Rf2
Bg4 15. Qd2 Qe3 16. Qxe3 Rxe3 17. Bd1 Rae8 18. a3 h6 19. h3 Bd7 20. Kf1 Nd4
21. g4 Nxf3 22. Bxf3 b6 23. Rd1 a5 24. d4 Bb5+ 25. Kg2 Be2 26. Bxe2 Rxe2 27.
Rd2 Rxd2 28. Rxd2 Kf8 29. dxc5 dxc5 30. Kf3 Ke7 31. Re2+ Kd7 32. Rxe8 Kxe8 33.
Ke4 Ke7 34. Kd5 Kd7 35. g5 hxg5 36. fxg5 Kc7 37. Ke5 b5 38. a4 c4 39. Kd5 cxb3
40. cxb3 Kb6 41. Kd6 bxa4 42. bxa4 Kb7 43. Kc5 Ka6 44. Kc6 {#r} 1-0